LEADER 01214nam a2200277 i 4500 001 000000033924 003 CaOOAMICUS 005 20071001000000.0 008 071001s1988 it u000 u ita u 020 $a88-402-0211-0 040 $aSeMil$bita 100 1 $aGheddo, Piero .$0(OLS)http://semarc/name/89501 245 10$aLorenzo Bianchi di Hong Kong /$cPiero Gheddo. 260 $aNovara :$bIstituto Geografico De Agostini,$ccopyr. 1988. 300 $a253 p., [8] p. di fotogr. ;$c20 cm. 500 $aIn prel. : Autogr. dell'Autore. - Fondo Card. Giovanni Colombo. 600 14$aBianchi, Lorenzo .$0(OLS)http://semarc/subject/5450 650 4$aCina - Hong Kong.$0(OLS)http://semarc/subject/5451 650 4$aMissioni - Storia.$0(OLS)http://semarc/subject/1705 850 $aSeMil 852 $aSeMil$W1$xVenegono$y1$m3J II 267 °$j79$B79$CSeMilBibl$Z2$F79 $81 941 1 $a3 961 $aLascito: Colombo Card. Giovanni 996 $6020$a88-402-0211-0$9(OLS)http://semarc/number/1525 996 $6245$aLorenzo Bianchi di Hong Kong$9(OLS)http://semarc/title/45582 996 $6260$aNovara :$bIstituto Geografico De Agostini$9(OLS)http://semarc/publisher/31865 LEADER 00939nam a2200241 i 4500 001 000000189466 003 CaOOAMICUS 005 20150203000000.0 008 150203s1959 it u000 u ita u 013 $a167740 040 $aSeMil$bita 100 1 $aAngelini, Sandro.$0(OLS)http://semarc/name/7632 245 10$aS. Maria Maggiore in Bergamo /$cSandro Angelini. 260 $aBergamo :$bBanca Popolare di Bergamo,$c1959. 300 $a180 p. :$bill. ;$c34 cm. 500 $aFondo card. Giovanni Colombo. 650 4$aBergamo - Chiese - Santa Maria Maggiore.$0(OLS)http://semarc/subject/46167 850 $aSeMil 852 $aSeMil$W1$xVenegono$y1$m3GC VIII 44$j140097$B140097$CSeMilBibl$Z2$F151696 $8B 941 1 $a3 961 $aLascito: Colombo Card. Giovanni 996 $6245$aS. Maria Maggiore in Bergamo$9(OLS)http://semarc/title/187922 996 $6260$aBergamo :$bBanca Popolare di Bergamo$9(OLS)http://semarc/publisher/34988